| 000 | 01313nam a22003497a 4500 | ||
|---|---|---|---|
| 003 | CHAP | ||
| 005 | 20220329143326.0 | ||
| 008 | 080806d2008 mx r 00110 spa d | ||
| 010 | _a95005 | ||
| 011 | _a95977 | ||
| 035 | _a106614 | ||
| 040 | _cCHAP | ||
| 090 | _aTesis | ||
| 100 | 1 |
_aAparicio Soriano, Tienhsin _96216 |
|
| 245 | 1 | 0 |
_aRendimiento y calidad de fruto de calabacita (Cucurbita pepo L.) en respuesta a temperaturas bajas aplicadas a semillas _c/por Tienhsin Aparicio Soriano |
| 260 |
_aChapingo, Méx. : _bEl autor, _c2008 |
||
| 300 |
_aiv, 23 h. : _bgráfs. ; cuadros |
||
| 502 | _aTesis (Ing. Agr. Esp. en Fitotecnia) -- UACH. Departamento de Fitotecnia | ||
| 590 |
_aALEPH _b10 _c20130110 _lUCH01 _h1523 |
||
| 590 |
_aBATCH-UPD _b10 _c20130110 _lUCH01 _h0748 |
||
| 590 |
_aBATCH-UPD _b10 _c20130410 _lUCH01 _h0428 |
||
| 590 |
_aBATCH-UPD _b10 _c20130914 _lUCH01 _h0815 |
||
| 590 |
_aCONVERSION _b10 _c20130109 _lUCH01 _h1353 |
||
| 650 | 1 | 4 |
_aCalabaza _xRendimiento. _917294 |
| 650 | 1 | 4 |
_aCalabaza _xSemilla. _917296 |
| 650 | 1 | 4 |
_aFrio _xEfecto en semilla. _943479 |
| 650 | 1 | 4 |
_aVernalización. _9118928 |
| 901 | _aBK | ||
| 942 | _cFOLL | ||
| 949 |
_aTesis _bBC _cTES _d33724002066371 _eTS2 _fc.2 _gDonaciØn _h47740 _i106614 _si |
||
| 949 |
_aTesis _bBC _cTES _d33724002066389 _eTS1 _gDonaciØn _h47739 _i106614 _sb |
||
| 999 |
_c95005 _d95005 |
||